[Event "Madrid ch Veteranos 2015-2016"]
[Site "Madrid ESP"]
[Date "2016.01.11"]
[Round "1.1"]
[White "Elissalt Cardenas, Hector"]
[Black "Losada Gonzalez, Andres"]
[Result "1-0"]
[WhiteElo "2358"]
[BlackElo "1789"]
[PlyCount "103"]
[EventDate "2016.01.11"]
[EventType "swiss"]
[EventRounds "9"]
[EventCountry "ESP"]
[Source "lmi"]
[SourceDate "2016.01.11"]

1. b3 e5 2. Bb2 d6 3. e3 Be6 4. Nf3 f6 5. c4 Nd7 6. Be2 Nh6 7. d4 Bf7 8. Nc3 c6
9. Qd2 Be7 10. h3 a6 11. g4 Qc7 12. Rg1 g6 13. O-O-O O-O-O 14. Kb1 Rhe8 15. Qc2
Kb8 16. g5 Nf5 17. gxf6 Nxf6 18. Ng5 Bg8 19. dxe5 dxe5 20. Nge4 Rxd1+ 21. Rxd1
Rd8 22. Nxf6 Bxf6 23. Ne4 Rxd1+ 24. Bxd1 Bg7 25. Ba3 Qd8 26. Bc5 Bf8 27. Bxf8
Qxf8 28. Qc3 Qe7 29. Qd2 Be6 30. Kb2 Bc8 31. Be2 Be6 32. Qc3 Bc8 33. c5 h6 34.
a3 Qc7 35. Qc4 Qg7 36. Qc3 Ne7 37. Bc4 Nd5 38. Bxd5 cxd5 39. Nd6 Bxh3 40. e4
Be6 41. c6 d4 42. Qc5 Bc8 43. Ne8 Qf7 44. Qxe5+ Ka7 45. Qxd4+ b6 46. Nd6 Qc7
47. Nxc8+ Qxc8 48. Qg7+ Kb8 49. Qxg6 h5 50. Qxh5 Qxc6 51. Qe5+ Kb7 52. Qd5 1-0

[Event "Madrid ch Veteranos 2015-2016"]
[Site "Madrid ESP"]
[Date "2016.01.11"]
[Round "1.2"]
[White "Corredor Gonzalez, Angel L"]
[Black "Nuñez Muñoz, Jesus"]
[Result "0-1"]
[WhiteElo "1780"]
[BlackElo "2222"]
[PlyCount "70"]
[EventDate "2016.01.11"]
[EventType "swiss"]
[EventRounds "9"]
[EventCountry "ESP"]
[Source "lmi"]
[SourceDate "2016.01.11"]

1. g4 d5 2. Bg2 c6 3. h3 e5 4. d3 Bc5 5. Nf3 Qe7 6. d4 exd4 7. Nxd4 Nf6 8. Nf5
Bxf5 9. gxf5 Qe5 10. Qd3 Na6 11. c3 Ne4 12. Bxe4 dxe4 13. Qg3 Qxf5 14. Nd2 Rd8
15. e3 O-O 16. Rg1 g6 17. h4 Rfe8 18. Nb3 Qd5 19. Bd2 Bd6 20. Qg4 Nc5 21. Nxc5
Bxc5 22. Qe2 b5 23. h5 Bf8 24. hxg6 hxg6 25. b3 c5 26. O-O-O c4 27. b4 Bg7 28.
Rg3 Qe5 29. Rdg1 Rd3 30. Rg5 Qd6 31. Kc2 Rd8 32. Be1 Qa6 33. Kb2 Bxc3+ 34. Bxc3
Rxc3 35. Kxc3 Qa3+ 0-1

[Event "Madrid ch Veteranos 2015-2016"]
[Site "Madrid ESP"]
[Date "2016.01.11"]
[Round "1.3"]
[White "Martin Rodriguez, Emilio"]
[Black "Rodriguez Bernal, Herman"]
[Result "1-0"]
[WhiteElo "2142"]
[BlackElo "1768"]
[PlyCount "54"]
[EventDate "2016.01.11"]
[EventType "swiss"]
[EventRounds "9"]
[EventCountry "ESP"]
[Source "lmi"]
[SourceDate "2016.01.11"]

1. d4 Nf6 2. c4 g6 3. Nc3 Bg7 4. e4 d6 5. f4 O-O 6. Nf3 Bg4 7. Be2 c6 8. Be3
Bxf3 9. Bxf3 e5 10. fxe5 dxe5 11. d5 Qd7 12. O-O h5 13. h3 Na6 14. a3 Rac8 15.
b4 Rfd8 16. Bg5 cxd5 17. Nxd5 Qe6 18. Bxf6 Bxf6 19. Bxh5 Rxd5 20. exd5 Qb6+ 21.
c5 Nxc5 22. bxc5 Rxc5 23. Kh1 gxh5 24. d6 Kg7 25. Rb1 Qc6 26. Rxf6 Rc2 27. Qf3
Rc1+ 1-0

[Event "Madrid ch Veteranos 2015-2016"]
[Site "Madrid ESP"]
[Date "2016.01.11"]
[Round "1.4"]
[White "Hernandez Garcia, Carlos"]
[Black "Casares Ripoll, Fernando"]
[Result "0-1"]
[WhiteElo "1747"]
[BlackElo "2133"]
[PlyCount "64"]
[EventDate "2016.01.11"]
[EventType "swiss"]
[EventRounds "9"]
[EventCountry "ESP"]
[Source "lmi"]
[SourceDate "2016.01.11"]

1. e4 c5 2. Nf3 Nf6 3. d4 Nxe4 4. Bd3 Nf6 5. Nc3 e6 6. Be3 cxd4 7. Nxd4 d5 8.
f4 Nc6 9. g4 Bb4 10. O-O e5 11. fxe5 Nxg4 12. Nxc6 bxc6 13. Bf4 Bc5+ 14. Kg2
Be3 15. Qf3 Bxf4 16. Qxf4 O-O 17. Rae1 Be6 18. h3 Nh6 19. Rf3 Kh8 20. Kh2 f5
21. Rg3 Rg8 22. Reg1 Qe7 23. b4 Raf8 24. Na4 Nf7 25. Nc5 g5 26. Qd4 Nd8 27.
Nxe6 Nxe6 28. Qb2 f4 29. Rf3 h5 30. c4 g4 31. hxg4 hxg4 32. Qg2 Qh4+ 0-1

[Event "Madrid ch Veteranos 2015-2016"]
[Site "Madrid ESP"]
[Date "2016.01.11"]
[Round "1.5"]
[White "Pastor Alonso de Prado, Alberto Emilio"]
[Black "Keller, August"]
[Result "1-0"]
[WhiteElo "2115"]
[BlackElo "1746"]
[PlyCount "31"]
[EventDate "2016.01.11"]
[EventType "swiss"]
[EventRounds "9"]
[EventCountry "ESP"]
[Source "lmi"]
[SourceDate "2016.01.11"]

1. e4 c6 2. d4 d5 3. e5 Bf5 4. a3 Nd7 5. c4 e6 6. Nc3 Ne7 7. f4 c5 8. Nf3 Nc6
9. cxd5 exd5 10. Be3 cxd4 11. Nxd4 Nxd4 12. Bxd4 Bc5 13. Bxc5 Nxc5 14. Qxd5
Qxd5 15. Nxd5 O-O 16. Ne7+ 1-0

[Event "Madrid ch Veteranos 2015-2016"]
[Site "Madrid ESP"]
[Date "2016.01.11"]
[Round "1.6"]
[White "Pashov, Spas Nikolov"]
[Black "Lopez De Turiso, Jose Angel"]
[Result "1/2-1/2"]
[WhiteElo "1722"]
[BlackElo "2083"]
[PlyCount "84"]
[EventDate "2016.01.11"]
[EventType "swiss"]
[EventRounds "9"]
[EventCountry "ESP"]
[Source "lmi"]
[SourceDate "2016.01.11"]

1. e4 Nf6 2. e5 Nd5 3. d4 d6 4. c4 Nb6 5. exd6 cxd6 6. Nc3 g6 7. Be3 Bg7 8. Bd3
O-O 9. Nge2 Nc6 10. O-O Nb4 11. b3 Nxd3 12. Qxd3 Bf5 13. Qd2 d5 14. c5 Nc8 15.
Bh6 Bxh6 16. Qxh6 Bd3 17. Rfe1 Bxe2 18. Rxe2 e6 19. Rd1 Qf6 20. Re3 Ne7 21. g4
Nc6 22. Rh3 Qg7 23. Qxg7+ Kxg7 24. Re3 Rh8 25. h4 h5 26. g5 Rhb8 27. Nb5 Rd8
28. Kg2 a6 29. Nc3 Ne7 30. Kh3 Nf5 31. Red3 a5 32. a3 Ra6 33. Na4 Rc6 34. f4
Kf8 35. Nb6 Ke8 36. b4 axb4 37. axb4 Nd6 38. Ra1 Nf5 39. Ra4 Rb8 40. Ra7 Kd8
41. Na8 Rcc8 42. Nb6 Rc6 1/2-1/2

[Event "Madrid ch Veteranos 2015-2016"]
[Site "Madrid ESP"]
[Date "2016.01.11"]
[Round "1.7"]
[White "Gonzalez Rivera, Eduardo"]
[Black "Perez Gonzalez, Jesus Miguel"]
[Result "1-0"]
[WhiteElo "2059"]
[BlackElo "1706"]
[PlyCount "65"]
[EventDate "2016.01.11"]
[EventType "swiss"]
[EventRounds "9"]
[EventCountry "ESP"]
[Source "lmi"]
[SourceDate "2016.01.11"]

1. e4 e5 2. Nf3 Nc6 3. Bb5 Nf6 4. Qe2 Be7 5. O-O d6 6. c3 O-O 7. h3 Bd7 8. Ba4
a6 9. d3 Re8 10. Nbd2 Bf8 11. Bc2 g6 12. Kh2 Bh6 13. Nc4 Bxc1 14. Raxc1 Nh5 15.
g3 Be6 16. Ne3 Kg7 17. d4 Bd7 18. Rcd1 exd4 19. Nxd4 Nf6 20. Qf3 Ne5 21. Qg2
Qe7 22. f4 Nc6 23. Rde1 Qd8 24. g4 d5 25. e5 Ne4 26. Nxd5 Nxd4 27. Bxe4 Nc6 28.
Nf6 Re7 29. Rd1 Qc8 30. Nxd7 Rxd7 31. Bxc6 bxc6 32. Qxc6 Re7 33. Qf6+ 1-0

[Event "Madrid ch Veteranos 2015-2016"]
[Site "Madrid ESP"]
[Date "2016.01.11"]
[Round "1.8"]
[White "Benitez Cadenas, Luis Miguel"]
[Black "Serrano Baylin, Francisco"]
[Result "1/2-1/2"]
[WhiteElo "1681"]
[BlackElo "1988"]
[PlyCount "68"]
[EventDate "2016.01.11"]
[EventType "swiss"]
[EventRounds "9"]
[EventCountry "ESP"]
[Source "lmi"]
[SourceDate "2016.01.11"]

1. d4 Nf6 2. Nd2 g6 3. e4 d6 4. Bd3 Bg7 5. c3 O-O 6. Ngf3 c5 7. O-O Nc6 8. Re1
cxd4 9. cxd4 Qb6 10. Nc4 Qc7 11. h3 Nb4 12. Bf1 b5 13. Bd2 Nc6 14. Na3 a6 15.
Rc1 Qb7 16. Qc2 b4 17. Nb1 Bd7 18. d5 Ne5 19. Nxe5 dxe5 20. Qc7 Qb8 21. Qa5 b3
22. a3 e6 23. dxe6 Bxe6 24. Bc4 Bxc4 25. Rxc4 Rd8 26. Bc3 Nd7 27. Rd1 Nb6 28.
Rxd8+ Qxd8 29. Rc6 Qd1+ 30. Kh2 Qxb1 31. Qxb6 Qxe4 32. Qb7 Qf4+ 33. Kg1 Qc1+
34. Kh2 Qf4+ 1/2-1/2

[Event "Madrid ch Veteranos 2015-2016"]
[Site "Madrid ESP"]
[Date "2016.01.11"]
[Round "1.9"]
[White "Gonzalez Mateos, Rafael"]
[Black "Calderon Martin, Antonio"]
[Result "1-0"]
[WhiteElo "1986"]
[BlackElo "1679"]
[PlyCount "91"]
[EventDate "2016.01.11"]
[EventType "swiss"]
[EventRounds "9"]
[EventCountry "ESP"]
[Source "lmi"]
[SourceDate "2016.01.11"]

1. d4 Nf6 2. c3 g6 3. Bg5 Bg7 4. Nd2 O-O 5. e4 d6 6. Bd3 c5 7. Ngf3 h6 8. Bxf6
Bxf6 9. Qe2 Nc6 10. dxc5 dxc5 11. O-O b6 12. Rad1 Qc7 13. Rfe1 Rd8 14. h3 Ne5
15. Nxe5 Bxe5 16. Nf3 Bg7 17. e5 e6 18. Be4 Bb7 19. Bxb7 Qxb7 20. Rd2 Qc7 21.
Red1 Rxd2 22. Rxd2 Rd8 23. Rxd8+ Qxd8 24. a4 Qc7 25. g3 c4 26. Nd2 Bxe5 27. f4
Bf6 28. Qxc4 Qb7 29. Ne4 Be7 30. b4 Qd7 31. b5 f5 32. Nf2 Bc5 33. Kf1 Bxf2 34.
Kxf2 Kf7 35. Ke3 g5 36. g4 gxf4+ 37. Qxf4 Kg6 38. h4 fxg4 39. Qxg4+ Kf6 40. h5
Qg7 41. Qxg7+ Kxg7 42. c4 Kf7 43. c5 bxc5 44. a5 Ke7 45. b6 axb6 46. a6 1-0

[Event "Madrid ch Veteranos 2015-2016"]
[Site "Madrid ESP"]
[Date "2016.01.11"]
[Round "1.10"]
[White "Rodriguez Bachiller, Luis"]
[Black "Marcos Herrero, Francisco"]
[Result "1/2-1/2"]
[WhiteElo "1660"]
[BlackElo "1982"]
[PlyCount "54"]
[EventDate "2016.01.11"]
[EventType "swiss"]
[EventRounds "9"]
[EventCountry "ESP"]
[Source "lmi"]
[SourceDate "2016.01.11"]

1. e4 c5 2. Nf3 g6 3. d4 cxd4 4. Nxd4 Nc6 5. Nc3 Bg7 6. Be3 Nf6 7. Bc4 O-O 8.
Nxc6 dxc6 9. f3 Qa5 10. Qe2 b5 11. Bb3 Ba6 12. Qf2 Nxe4 13. fxe4 Bxc3+ 14. bxc3
Qxc3+ 15. Ke2 c5 16. Rad1 b4+ 17. Rd3 c4 18. Rxc3 cxb3+ 19. Kf3 bxc3 20. axb3
f5 21. e5 Rab8 22. Ra1 Bb7+ 23. Kg3 f4+ 24. Bxf4 g5 25. Ra4 Bd5 26. Qe3 gxf4+
27. Rxf4 Rxf4 1/2-1/2

[Event "Madrid ch Veteranos 2015-2016"]
[Site "Madrid ESP"]
[Date "2016.01.11"]
[Round "1.11"]
[White "Martin Martin, Luis Vicente"]
[Black "Martinez Miura, Enrique"]
[Result "1-0"]
[WhiteElo "1967"]
[BlackElo "1646"]
[PlyCount "113"]
[EventDate "2016.01.11"]
[EventType "swiss"]
[EventRounds "9"]
[EventCountry "ESP"]
[Source "lmi"]
[SourceDate "2016.01.11"]

1. d4 d5 2. Bf4 Nf6 3. e3 c6 4. Bd3 e6 5. c3 Bd6 6. Bg3 O-O 7. Nf3 Qc7 8. Ne5
Nbd7 9. f4 c5 10. Nd2 b6 11. Bh4 Bb7 12. Qf3 Bxe5 13. fxe5 Ne4 14. Nxe4 dxe4
15. Bxe4 Bxe4 16. Qxe4 Rac8 17. Be7 Rfe8 18. Bd6 Qc6 19. Qxc6 Rxc6 20. O-O c4
21. Rf3 f6 22. exf6 Nxf6 23. Be5 Nd7 24. Bg3 Rcc8 25. e4 Rf8 26. Bd6 Rxf3 27.
gxf3 Nf6 28. Kf2 Ne8 29. Be5 Kf7 30. Ke3 a6 31. Rg1 g6 32. h4 Nf6 33. Bxf6 Kxf6
34. e5+ Kf7 35. Ke4 Rd8 36. Rg2 Rc8 37. f4 Rd8 38. Rd2 Rd5 39. Rh2 h5 40. Rg2
Rd7 41. b3 Rc7 42. b4 Rd7 43. a4 Rd5 44. Rg5 Rd7 45. Ke3 Rd5 46. Kf3 a5 47. b5
Rd7 48. f5 gxf5 49. Rxh5 Rd8 50. Rg5 Rg8 51. Kf4 Rxg5 52. Kxg5 Kg7 53. h5 Kh7
54. h6 Kg8 55. Kg6 f4 56. h7+ Kh8 57. d5 1-0

[Event "Madrid ch Veteranos 2015-2016"]
[Site "Madrid ESP"]
[Date "2016.01.11"]
[Round "1.12"]
[White "Beekhof Harmsen, Willen"]
[Black "Cabañas Bravo, Juan Andres"]
[Result "0-1"]
[WhiteElo "1644"]
[BlackElo "1957"]
[PlyCount "88"]
[EventDate "2016.01.11"]
[EventType "swiss"]
[EventRounds "9"]
[EventCountry "ESP"]
[Source "lmi"]
[SourceDate "2016.01.11"]

1. Nf3 Nf6 2. g3 g6 3. Bg2 Bg7 4. O-O O-O 5. d3 d5 6. b3 Nfd7 7. c3 c5 8. Bb2
e5 9. Qc2 Nc6 10. Nfd2 Nb6 11. a4 a5 12. Na3 f5 13. Rad1 f4 14. Nb5 Bg4 15. f3
Be6 16. Ba3 Nd7 17. gxf4 Rxf4 18. e3 Rh4 19. f4 Bh6 20. Nf3 Rh5 21. Qf2 exf4
22. e4 dxe4 23. dxe4 Bxb3 24. Rd6 Bf8 25. Qb2 Bxa4 26. Qa2+ Kg7 27. Rxg6+ hxg6
28. c4 Bxb5 29. Bb2+ Nd4 30. Nxd4 cxd4 31. Bxd4+ Ne5 32. Bxe5+ Rxe5 33. cxb5
Qb6+ 34. Kh1 Qxb5 35. Rxf4 Qe8 36. Qb2 Bb4 37. Qf2 Rd8 38. Qb6 Rd1+ 39. Bf1 Qc6
40. Qf2 Rxe4 41. Rf7+ Kh6 42. Rf3 Rf4 43. Kg2 Qxf3+ 44. Qxf3 Rxf3 0-1

[Event "Madrid ch Veteranos 2015-2016"]
[Site "Madrid ESP"]
[Date "2016.01.11"]
[Round "1.13"]
[White "Sotoca Aguado, Jose"]
[Black "Perez Cristobal, Alberto"]
[Result "1-0"]
[WhiteElo "1952"]
[BlackElo "1612"]
[PlyCount "65"]
[EventDate "2016.01.11"]
[EventType "swiss"]
[EventRounds "9"]
[EventCountry "ESP"]
[Source "lmi"]
[SourceDate "2016.01.11"]

1. e4 e6 2. d4 d5 3. Nc3 dxe4 4. Nxe4 Nf6 5. Bg5 Be7 6. Nxf6+ gxf6 7. Be3 Qd5
8. Nf3 Bd7 9. c4 Bb4+ 10. Bd2 Qa5 11. a3 Bxd2+ 12. Qxd2 Qxd2+ 13. Kxd2 Nc6 14.
Bd3 O-O-O 15. Ke3 e5 16. d5 Ne7 17. Bc2 Nf5+ 18. Bxf5 Bxf5 19. Rhd1 Rhe8 20.
Rd2 Bd7 21. g3 h6 22. b4 b6 23. c5 Bb5 24. Nh4 Bc4 25. Ke4 Rg8 26. f3 Rg5 27.
Rc1 b5 28. Nf5 Bxd5+ 29. Rxd5 Rxd5 30. Ne7+ Kd7 31. Nxd5 c6 32. Ne3 Rh5 33.
Rd1+ 1-0

[Event "Madrid ch Veteranos 2015-2016"]
[Site "Madrid ESP"]
[Date "2016.01.11"]
[Round "1.14"]
[White "Ballesteros Jimenez, Miguel Angel"]
[Black "Lorenzo Bailador, Alfredo"]
[Result "0-1"]
[WhiteElo "1603"]
[BlackElo "1951"]
[PlyCount "56"]
[EventDate "2016.01.11"]
[EventType "swiss"]
[EventRounds "9"]
[EventCountry "ESP"]
[Source "lmi"]
[SourceDate "2016.01.11"]

1. e4 e5 2. Nf3 Nc6 3. Bb5 a6 4. Ba4 Nf6 5. Qe2 Bc5 6. c3 b5 7. Bb3 d6 8. d3
O-O 9. Bg5 Be6 10. O-O Qe7 11. Rd1 Bb6 12. Nbd2 Nd8 13. a4 Bxb3 14. Nxb3 Ne6
15. axb5 Nxg5 16. Nxg5 h6 17. Nf3 axb5 18. d4 exd4 19. cxd4 Qxe4 20. Qxb5 Qd5
21. Qxd5 Nxd5 22. Nbd2 Rxa1 23. Rxa1 Nf4 24. Kf1 Ne6 25. Ra4 Rb8 26. Rb4 Ra8
27. Ke2 Nf4+ 28. Ke3 Nd5+ 0-1

[Event "Madrid ch Veteranos 2015-2016"]
[Site "Madrid ESP"]
[Date "2016.01.11"]
[Round "1.15"]
[White "Vukotic Jovsic, Dragan"]
[Black "Perez Nuñez Castillo, Jose Antonio"]
[Result "1-0"]
[WhiteElo "1947"]
[BlackElo "1601"]
[PlyCount "59"]
[EventDate "2016.01.11"]
[EventType "swiss"]
[EventRounds "9"]
[EventCountry "ESP"]
[Source "lmi"]
[SourceDate "2016.01.11"]

1. d4 Nf6 2. Nf3 d5 3. c4 e6 4. Nc3 Nbd7 5. Bg5 Be7 6. e3 O-O 7. Rc1 c6 8. Qc2
Re8 9. a3 a5 10. c5 h6 11. Bh4 Nh5 12. Bxe7 Qxe7 13. g4 Nhf6 14. g5 hxg5 15.
Nxg5 e5 16. Be2 exd4 17. exd4 Nf8 18. h4 Bg4 19. Kf1 Bxe2+ 20. Nxe2 Ne4 21.
Nxe4 Qxe4 22. Qxe4 Rxe4 23. Rd1 Rae8 24. Ng3 Rg4 25. h5 Kh7 26. Nf5 Rg5 27. Nd6
Re7 28. Rh4 Kh6 29. Rd3 Rxh5 30. Nf5+ 1-0

[Event "Madrid ch Veteranos 2015-2016"]
[Site "Madrid ESP"]
[Date "2016.01.11"]
[Round "1.16"]
[White "Ramos Antona, Enrique"]
[Black "Gil Sierra, Jacinto"]
[Result "0-1"]
[WhiteElo "1585"]
[BlackElo "1938"]
[PlyCount "88"]
[EventDate "2016.01.11"]
[EventType "swiss"]
[EventRounds "9"]
[EventCountry "ESP"]
[Source "lmi"]
[SourceDate "2016.01.11"]

1. d4 e6 2. c4 f5 3. g3 Nf6 4. Bg2 Bb4+ 5. Bd2 Bxd2+ 6. Nxd2 Nc6 7. e3 O-O 8.
Ne2 d6 9. O-O Qe8 10. Nf4 g5 11. Nd3 Kg7 12. d5 Ne5 13. Qe2 Nxd3 14. Qxd3 e5
15. f3 Bd7 16. Qc3 Qg6 17. Rf2 f4 18. g4 h5 19. h3 Rh8 20. Ne4 Nxe4 21. fxe4
hxg4 22. exf4 gxf4 23. h4 f3 24. Kf1 Rxh4 25. Bxf3 gxf3 26. Qxf3 Bh3+ 27. Ke1
Qxe4+ 28. Qxe4 Rxe4+ 29. Kd2 Rf4 30. Rg1+ Kf6 31. Rh2 Rh8 32. Rg3 Rxc4 33.
Rgxh3 Rd4+ 34. Ke3 Rxh3+ 35. Rxh3 Rxd5 36. Rh6+ Kf5 37. Rh5+ Ke6 38. Rh7 Rc5
39. Kd2 a5 40. a3 a4 41. Rh6+ Kd5 42. Rh3 Rb5 43. Rd3+ Ke6 44. Kc3 Rb3+ 0-1

[Event "Madrid ch Veteranos 2015-2016"]
[Site "Madrid ESP"]
[Date "2016.01.11"]
[Round "1.17"]
[White "Lopez Ziegler, Carlos"]
[Black "Fernandez Bujarrabal, Pedro V"]
[Result "1-0"]
[WhiteElo "1933"]
[BlackElo "1582"]
[PlyCount "75"]
[EventDate "2016.01.11"]
[EventType "swiss"]
[EventRounds "9"]
[EventCountry "ESP"]
[Source "lmi"]
[SourceDate "2016.01.11"]

1. e4 e5 2. Nf3 Nc6 3. Bc4 Nf6 4. d3 Be7 5. O-O d5 6. exd5 Nxd5 7. Re1 Bf6 8.
Nxe5 Nxe5 9. Bxd5 Qxd5 10. Nc3 Qd8 11. d4 O-O 12. dxe5 Be7 13. Qe2 c6 14. Be3
Be6 15. a3 Qc7 16. Bf4 Qb6 17. b4 a6 18. Rad1 Rad8 19. Be3 Qc7 20. Bf4 Qb6 21.
Ne4 Rd5 22. c4 Rd7 23. Nd6 Rfd8 24. c5 Qc7 25. Bg3 a5 26. f4 axb4 27. f5 Bd5
28. axb4 b6 29. e6 fxe6 30. fxe6 Bxd6 31. exd7 Bxc5+ 32. bxc5 Qxd7 33. cxb6 Qb7
34. Rxd5 cxd5 35. Qe6+ Qf7 36. b7 d4 37. Qxf7+ Kxf7 38. b8=Q 1-0

[Event "Madrid ch Veteranos 2015-2016"]
[Site "Madrid ESP"]
[Date "2016.01.11"]
[Round "1.18"]
[White "Martinez Carrasco, Jesus"]
[Black "Perez Cameselle, Francisco Jose"]
[Result "1-0"]
[WhiteElo "1561"]
[BlackElo "1917"]
[PlyCount "113"]
[EventDate "2016.01.11"]
[EventType "swiss"]
[EventRounds "9"]
[EventCountry "ESP"]
[Source "lmi"]
[SourceDate "2016.01.11"]

1. d4 d5 2. c4 c6 3. e3 Nf6 4. Nf3 g6 5. Nc3 Bg7 6. cxd5 cxd5 7. Bd3 Nc6 8. a3
O-O 9. O-O Bf5 10. Bxf5 gxf5 11. b4 Ne4 12. Bb2 e6 13. Rc1 Rc8 14. Ne2 Qb6 15.
Ne5 Rfd8 16. Nf4 a5 17. Qh5 Nxe5 18. dxe5 axb4 19. Bd4 Qa5 20. axb4 Qxb4 21.
Rb1 Qe7 22. Rb2 Rc4 23. g4 Rdc8 24. gxf5 exf5 25. Qxf5 Rc1 26. Nxd5 Rxf1+ 27.
Kxf1 Rc1+ 28. Kg2 Qg5+ 29. Qxg5 Nxg5 30. Rxb7 Ne6 31. Rb8+ Bf8 32. Nf6+ Kg7 33.
h4 Rc4 34. Ne8+ Kg6 35. Rb6 Kf5 36. Nd6+ Bxd6 37. Rxd6 Nxd4 38. exd4 Kg4 39.
f3+ Kxh4 40. Rh6+ Kg5 41. Rxh7 Rxd4 42. Rxf7 Kg6 43. Rf6+ Kg7 44. Kg3 Ra4 45.
f4 Ra1 46. Kg4 Rg1+ 47. Kf5 Ra1 48. Rd6 Kf7 49. Rd7+ Ke8 50. e6 Rf1 51. Kg5 Re1
52. Kf6 Rh1 53. Rg7 Rh6+ 54. Rg6 Rh8 55. f5 Rf8+ 56. Ke5 Rh8 57. Kd6 1-0

[Event "Madrid ch Veteranos 2015-2016"]
[Site "Madrid ESP"]
[Date "2016.01.11"]
[Round "1.19"]
[White "Caballero Cuno, Jose Domingo"]
[Black "Romero Jaime, Pedro"]
[Result "1/2-1/2"]
[WhiteElo "1914"]
[BlackElo "1553"]
[PlyCount "94"]
[EventDate "2016.01.11"]
[EventType "swiss"]
[EventRounds "9"]
[EventCountry "ESP"]
[Source "lmi"]
[SourceDate "2016.01.11"]

1. e4 e5 2. Nf3 Qe7 3. Nc3 Nf6 4. Bc4 h6 5. O-O c6 6. d4 d6 7. h3 g5 8. Nh2 Rg8
9. f3 Nbd7 10. a4 Nh5 11. g4 Nf4 12. Bxf4 gxf4 13. Qe1 Nf6 14. Qh4 Rg5 15. Kf2
Bg7 16. d5 Nh7 17. Ke2 f5 18. exf5 Bxf5 19. Ne4 Bxe4 20. fxe4 Nf6 21. Nf3 Nxe4
22. Nxg5 Ng3+ 23. Kf2 hxg5 24. Qh7 Nxf1 25. Qg8+ Bf8 26. Rxf1 O-O-O 27. Qg6 Kb8
28. Qe4 Qc7 29. Kf3 Rc8 30. Rf2 Qg7 31. Rd2 Qh6 32. Kg2 Qf6 33. Be2 Qd8 34. Bf3
Qa5 35. Rd3 Be7 36. b3 Bd8 37. Kf1 Qc5 38. c4 Bb6 39. Ke2 Qf2+ 40. Kd1 Be3 41.
Bg2 Qg1+ 42. Ke2 Qf2+ 43. Kd1 Qa2 44. dxc6 Qb1+ 45. Ke2 Qc2+ 46. Ke1 Qf2+ 47.
Kd1 Qg1+ 1/2-1/2

[Event "Madrid ch Veteranos 2015-2016"]
[Site "Madrid ESP"]
[Date "2016.01.11"]
[Round "1.20"]
[White "Folgar Lopez, Angel"]
[Black "Garcia Gutierrez, Jose"]
[Result "0-1"]
[WhiteElo "1550"]
[BlackElo "1907"]
[PlyCount "92"]
[EventDate "2016.01.11"]
[EventType "swiss"]
[EventRounds "9"]
[EventCountry "ESP"]
[Source "lmi"]
[SourceDate "2016.01.11"]

1. d4 Nf6 2. Nf3 e6 3. Bf4 Be7 4. h3 b6 5. e3 Bb7 6. Nbd2 O-O 7. Bd3 d5 8. O-O
Nbd7 9. Qe2 Ne4 10. c3 f5 11. Ne5 Nxd2 12. Qxd2 g5 13. Bh2 Bd6 14. Nxd7 Qxd7
15. Bxd6 Qxd6 16. f4 Qe7 17. Rf3 Rf7 18. Rg3 Rg7 19. Qf2 Kh8 20. Be2 Rag8 21.
Kh2 g4 22. hxg4 Qh4+ 23. Kg1 fxg4 24. Kf1 Rg6 25. Ke1 Qe7 26. Kd2 c5 27. Rh1
Qf6 28. Bd3 Rh6 29. Rxh6 Qxh6 30. Be2 Qh1 31. Qf1 Qxf1 32. Bxf1 h5 33. Be2 Kh7
34. Bd3+ Kg7 35. f5 exf5 36. Bxf5 Kf6 37. e4 dxe4 38. Bd7 cxd4 39. cxd4 Rd8 40.
Bb5 Rxd4+ 41. Kc3 Rd5 42. Be8 Kg5 43. Bf7 Kf4 44. Kc4 Kxg3 45. Bxd5 Bxd5+ 46.
Kxd5 e3 0-1

[Event "Madrid ch Veteranos 2015-2016"]
[Site "Madrid ESP"]
[Date "2016.01.11"]
[Round "1.21"]
[White "Rueda Maria, Ramiro"]
[Black "Veuthey Martinez, Eloy"]
[Result "1/2-1/2"]
[WhiteElo "1904"]
[BlackElo "1536"]
[PlyCount "70"]
[EventDate "2016.01.11"]
[EventType "swiss"]
[EventRounds "9"]
[EventCountry "ESP"]
[Source "lmi"]
[SourceDate "2016.01.11"]

1. Nf3 d6 2. d4 Nf6 3. g3 Nbd7 4. Bg2 e5 5. dxe5 dxe5 6. O-O Be7 7. Nc3 c6 8.
Bg5 O-O 9. Qd2 Qc7 10. Rad1 h6 11. Bxf6 Nxf6 12. Qe3 Bd6 13. Qd3 Bb4 14. Ne4
Nxe4 15. Qxe4 Bd6 16. Rd2 Be6 17. Rfd1 Rad8 18. Nh4 Be7 19. Nf5 Bxf5 20. Qxf5
Rxd2 21. Rxd2 Rd8 22. Rxd8+ Bxd8 23. h4 Bf6 24. Be4 Qd8 25. h5 Qc7 26. Kg2 Kf8
27. b3 Ke7 28. Bd3 Qd7 29. Qf3 Qd5 30. Be4 Qd4 31. a4 Bg5 32. e3 Qd7 33. Bd3
Qd5 34. e4 Qd4 35. Bc4 Bf6 1/2-1/2

[Event "Madrid ch Veteranos 2015-2016"]
[Site "Madrid ESP"]
[Date "2016.01.11"]
[Round "1.22"]
[White "Arroyo Fraile, Mario"]
[Black "Viñas Lopez, Carlos"]
[Result "0-1"]
[WhiteElo "1530"]
[BlackElo "1903"]
[PlyCount "86"]
[EventDate "2016.01.11"]
[EventType "swiss"]
[EventRounds "9"]
[EventCountry "ESP"]
[Source "lmi"]
[SourceDate "2016.01.11"]

1. c4 Nf6 2. Nc3 e5 3. g3 d6 4. Bg2 Nc6 5. Nf3 Bg4 6. Rb1 Qd7 7. d3 Be7 8. b4
Bh3 9. O-O O-O 10. a4 Rfe8 11. d4 Bxg2 12. Kxg2 e4 13. Ng5 Qf5 14. f4 h6 15.
Nh3 a5 16. b5 Nb4 17. e3 Bf8 18. Nf2 h5 19. d5 g6 20. Ne2 Bg7 21. Nd4 Qd7 22.
Re1 Ng4 23. Nxg4 hxg4 24. Rf1 Nd3 25. Bb2 Bf6 26. Ba1 Bxd4 27. Bxd4 b6 28. Bf6
Qf5 29. Bg5 f6 30. Bh4 Rf8 31. Qb3 Qh5 32. Qc3 g5 33. fxg5 fxg5 34. Rf6 Ne5 35.
Rbf1 gxh4 36. R1f4 h3+ 37. Kh1 Rxf6 38. Rxf6 Rf8 39. Rf4 Rxf4 40. exf4 Qf5 41.
Qd4 Nf3 42. Qe3 Qf6 43. Qc1 e3 0-1

[Event "Madrid ch Veteranos 2015-2016"]
[Site "Madrid ESP"]
[Date "2016.01.11"]
[Round "1.23"]
[White "Garcia Martin, Esteban"]
[Black "Salgado Duarte, Pablo"]
[Result "1-0"]
[WhiteElo "1894"]
[BlackElo "1518"]
[PlyCount "65"]
[EventDate "2016.01.11"]
[EventType "swiss"]
[EventRounds "9"]
[EventCountry "ESP"]
[Source "lmi"]
[SourceDate "2016.01.11"]

1. c4 c5 2. Nc3 e5 3. g3 Nf6 4. Bg2 Nc6 5. e3 Be7 6. Nge2 O-O 7. O-O d6 8. h3
Be6 9. b3 Qd7 10. Kh2 Bf5 11. d4 exd4 12. exd4 Nb4 13. Be3 Rab8 14. Qd2 b6 15.
Bf4 Nc2 16. Rad1 Nb4 17. dxc5 Nd3 18. cxd6 Bxd6 19. Bxd6 Qxd6 20. Nf4 Rbd8 21.
Ncd5 Nxf4 22. Nxf6+ Qxf6 23. Qxf4 Rxd1 24. Rxd1 Qg6 25. Qc7 Be4 26. Qxa7 h6 27.
Qd7 Bb1 28. Rd2 Be4 29. Rd6 Qf5 30. Qxf5 Bxf5 31. Rxb6 Rd8 32. Bd5 Re8 33. a4
1-0

[Event "Madrid ch Veteranos 2015-2016"]
[Site "Madrid ESP"]
[Date "2016.01.11"]
[Round "1.24"]
[White "Cortijo Manso, Luis"]
[Black "Fernandez Garcia, Ignacio"]
[Result "0-1"]
[WhiteElo "1508"]
[BlackElo "1875"]
[PlyCount "66"]
[EventDate "2016.01.11"]
[EventType "swiss"]
[EventRounds "9"]
[EventCountry "ESP"]
[Source "lmi"]
[SourceDate "2016.01.11"]

1. Nf3 d6 2. c4 e5 3. Nc3 f5 4. d3 Nf6 5. e4 f4 6. d4 exd4 7. Qxd4 Nc6 8. Qd1
Qe7 9. Bd3 Bg4 10. Bxf4 O-O-O 11. O-O h6 12. a4 g5 13. Be3 Bg7 14. h3 Bxf3 15.
Qxf3 Ne5 16. Qd1 g4 17. hxg4 Nfxg4 18. Bf4 h5 19. Be2 Rdf8 20. g3 Rxf4 21. Nd5
Qg5 22. Nxf4 h4 23. Nh3 Qg6 24. Nf4 Qh6 25. Bxg4+ Kb8 26. Kg2 hxg3 27. Rh1 Qxf4
28. Rxh8+ Bxh8 29. fxg3 Qxg4 30. Qxg4 Nxg4 31. Rb1 Ne3+ 32. Kf3 Nxc4 33. b3
Nd2+ 0-1